Villes de Premier League 2022/23 - Statistiques

Statistiques générales
  • Ce quiz a été pris 171 fois
  • Le résultat moyen est 15 sur 20
Statistiques - réponses
Club Ville % Correct
Arsenal Londres
100%
Chelsea Londres
89%
Manchester City Manchester
89%
Liverpool Liverpool
88%
Manchester Utd Manchester
88%
Leicester Leicester
87%
Leeds Utd Leeds
84%
Tottenham Londres
84%
Crystal Palace Londres
82%
West Ham Londres
82%
Bournemouth Bournemouth
77%
Everton Liverpool
76%
Nottingham Forest Nottingham
75%
Fulham Londres
73%
Southampton Southampton
72%
Brenford Londres
66%
Aston Villa Birmingham
57%
Wolves Wolverhampton
53%
Brighton Brighton & Hove
18%
Newcastle Utd Newcastle upon Tyne
14%
Aucun quiz correspondant
Distribution des résultats
% des personnes avec chaque résultat
Percentile par nombre de réponses
Votre historique - résultats
Vous n’avez pas pris ce quiz